000 00558nam a2200229Ia 4500
003 OSt
005 20220926041824.0
006 a|||||r|||| 00| 0
007 ta
008 220923b |||||||| |||| 00| 0 eng d
037 _cGeneral Book
040 _aRTL
_cRTL
_beng
041 _2eng
_aeng
082 _aZ, J4
100 _aPound Roscoe
_979221
245 0 _aIntroduction to the philosophy of law
250 _aRev. Edn
260 _c1954
650 _aLaw
_97240
942 _hZ, J4
_cGB
_2CC
999 _c668144
_d668144